000 00211nam a2200097Ia 4500
008 190216s9999||||xx |||||||||||||| ||und||
100 _aHarrold Robbins
245 4 _aThe Advantures
260 _bNull
942 _cBK
999 _c12737
_d12737